<?xml version="1.0" encoding="UTF-8"?>
<marc:record xmlns:marc="http://www.loc.gov/MARC21/slim">
   <marc:leader>00000nam a2200000 a 4500</marc:leader>
   <marc:datafield ind1="1" ind2=" " tag="100">
      <marc:subfield code="a">Gregg, Stacy</marc:subfield>
      <marc:subfield code="4">aut</marc:subfield>
      <marc:subfield code="e">Verfasser/-in</marc:subfield>
   </marc:datafield>
   <marc:datafield ind1="0" ind2="0" tag="245">
      <marc:subfield code="a">Dein wildes Herz in meiner Hand</marc:subfield>
   </marc:datafield>
   <marc:datafield ind1="0" ind2="0" tag="245">
      <marc:subfield code="c">Gregg, Stacy</marc:subfield>
   </marc:datafield>
   <marc:datafield ind1=" " ind2="1" tag="264">
      <marc:subfield code="a">Stuttgart</marc:subfield>
      <marc:subfield code="b">Kosmos</marc:subfield>
      <marc:subfield code="c">2016</marc:subfield>
   </marc:datafield>
   <marc:datafield ind1=" " ind2=" " tag="250">
      <marc:subfield code="a">1. Aufl.</marc:subfield>
   </marc:datafield>
   <marc:datafield ind1="1" ind2=" " tag="520">
      <marc:subfield code="a">Zwei Mädchen: Über 500 Jahre liegen zwischen ihnen und doch sind sie verbunden durch ihre Liebe zu einer Herde besonderer Wildpferde. &#xD;
&#xD;
Beatriz lebt mit ihrer Mutter auf einem Boot in der Karibik  es klingt wie ein Traum, doch für das junge Mädchen ist es zunächst wie ein Gefängnis. Am Strand von Great Abaco auf den Bahamas trifft sie auf eine wunderschöne Wildstute und spürt eine tiefe Verbindung. Und sie erhält von einer Einheimischen ein mysteriöses Tagebuch: Die junge Spanierin Felipa flieht 1492 auf Columbus Schiffen mit ihrer Stute Cara Blanca in eine neue Welt. Während sich die Leben von Beatriz und Felipa immer weiter miteinander verbinden, wird Beatriz klar, dass sie es ist, die ihre Stute und die Herde retten muss.&#xD;
&#xD;
Übersetzt von: Anja Herre</marc:subfield>
   </marc:datafield>
   <marc:datafield ind1=" " ind2=" " tag="020">
      <marc:subfield code="a">9783440150993</marc:subfield>
      <marc:subfield code="9">9783440150993</marc:subfield>
   </marc:datafield>
   <marc:datafield ind1=" " ind2=" " tag="020">
      <marc:subfield code="a">3440150992</marc:subfield>
      <marc:subfield code="9">3440150992</marc:subfield>
   </marc:datafield>
   <marc:datafield ind1=" " ind2=" " tag="041">
      <marc:subfield code="a">ger</marc:subfield>
   </marc:datafield>
   <marc:datafield ind1="1" ind2=" " tag="521">
      <marc:subfield code="a">FSK ab 11 freigegeben</marc:subfield>
   </marc:datafield>
   <marc:datafield ind1="1" ind2=" " tag="521">
      <marc:subfield code="a">11</marc:subfield>
   </marc:datafield>
   <marc:datafield ind1=" " ind2=" " tag="338">
      <marc:subfield code="a">Band</marc:subfield>
   </marc:datafield>
   <marc:datafield ind1=" " ind2=" " tag="300">
      <marc:subfield code="a">256 S.</marc:subfield>
   </marc:datafield>
</marc:record>
